Score 0/54 Timer 15:00
0 Plays Today
Character Name % Correct
A young Kansan girl who owns a small dogDorothy Gale
85.1%
A bespectacled boy wizardHarry Potter
83.8%
The plunderer of Mr. McGregor's gardenPeter Rabbit
82.4%
A surprisingly literate spiderCharlotte
72.8%
The eldest of four sisters who live in Orchard HouseMargaret March
70.2%
The fey friend to a boy who refuses to grow upTinker Bell
69.9%
A rather biblical lionAslan
68.2%
An avid Mississippi rafterHuckleberry Finn
68.1%
A lugubrious donkeyEeyore
67.5%
A good-looking dark-colored horseBlack Beauty
66%
An inquisitive monkeyCurious George
56.9%
The patriarch of a family of bearsPapa Bear
53.3%
A young girl with an older sister named BeatriceRamona Quimby
50.9%
Toad's closest friendFrog
48.9%
An orphan girl from maritime CanadaAnne Shirley
48.5%
A bear who hails from Darkest PeruPaddington Bear
48%
A Swedish girl of prodigious strengthPippi Longstocking
46.9%
A furry-footed hired burglarBilbo Baggins
45.9%
The sleuth who unraveled the secret of the old clockNancy Drew
41.2%
A turtle with delusions of grandeurYertle
38.7%
A teenaged inventorTom Swift
38.6%
A tea-party guest with Alice, the Hatter, and a dormouseThe March Hare
37.1%
A brave and protective mongooseRikki-Tikki-Tavi
32.9%
A boarding school student who is stricken with appendicitisMadeline
30.7%
A clever young detectiveLeroy 'Encyclopedia' Brown
29%
A boy who eats a live turtleFarley Hatcher
26.6%
A bull who likes to sit under a cork treeFerdinand
25.7%
Character Name % Correct
A wizard who lives time backwardsMerlin
22.4%
A solitary but generous resident of the Wild WoodMr. Badger
21.8%
A wooden boy, close friend of Big EarsNoddy
20.3%
The youngest brother of Meg MurryCharles Wallace Murry
16.9%
A Blackmouth Cur with a yellow coatYeller
14.8%
An American boy who becomes an English EarlCedric Errol
13.9%
A girl whose fiancé is kidnapped by a dragonPrincess Elizabeth
12.9%
The Captain of the SwallowJohn Walker
11.1%
A marooned former pirate who craves toasted cheeseBen Gunn
10.9%
An adventurous British pilotJames 'Biggles' Bigglesworth
9.3%
An Assistant Pig-KeeperTaran
8.8%
A very small girl, daughter of Pod and HomilyArrietty Clock
8.6%
The niece of Miranda and Jane SawyerRebecca Randall
7.5%
A girl who famously has two mothersHeather
5.8%
An apprentice witch and friend of the Nac Mac FeegleTiffany Aching
4.8%
A dog who is Royal Protector and Prince of TerabithiaPrince Terrien
4%
A mouse with a mechanical friendAlexander
3.7%
A girl who lives alone on an islandKarana
3.6%
An elderly rabbit who suffers from rheumatismUncle Wiggily Longears
3.3%
A furry engineer named after a Scottish townTobermory
3.2%
A boy who makes an airplane out of doughMickey
2.8%
A princess with a nurse named LootiePrincess Irene
2.2%
The self-proclaimed 'oldest thing in England'Puck
1.9%
A well-travelled Siamese catTao
1.6%
The mother of 4 winged kittensMrs. Jane Tabby
1.1%
A boy whose name means 'Stout Heart'Mafatu
0.8%
A cat with a missing tailCliptail
0.4%

You're not logged in!

Compare scores with friends on all Sporcle quizzes.
OR
Log In

Sporcle TV

Today on Sporcle TV


Watch our educational content, quiz creation guides, and fun videos on Sporcle TV.

Show Comments

Extras

Top Quizzes Today


Score Distribution

Paid Content

Your Account Isn't Verified!

In order to create a playlist on Sporcle, you need to verify the email address you used during registration. Go to your Sporcle Settings to finish the process.

Report this User

Report this user for behavior that violates our Community Guidelines.

Details: